[Event "Dos Hermanas-B"]
[Site "Dos Hermanas"]
[Date "2003.04.05"]
[Round "8"]
[White "Moreno Carnero, Javier"]
[Black "Teran Alvarez, Ismael"]
[Result "1-0"]
[WhiteElo "2508"]
[BlackElo "2404"]
[Annotator "Rogozenco,D"]
[PlyCount "147"]
[EventDate "2003.03.28"]
[EventType "tourn"]
[EventRounds "9"]
[EventCountry "ESP"]
[EventCategory "10"]
[SourceTitle "CBM 095"]
[Source "ChessBase"]
[SourceDate "2003.07.25"]
[SourceVersion "1"]
[SourceVersionDate "2003.07.25"]
[SourceQuality "1"]

1. e4 c5 2. Nf3 d6 3. d4 cxd4 4. Nxd4 Nf6 5. Nc3 g6 6. Be3 Bg7 7. f3 Nc6 8. Qd2
O-O 9. Bc4 Bd7 10. O-O-O Rb8 {The "Chinese Dragon" is actually an old and
until year 2002 extremely rare variation. First games with 10...Rb8 were
played some 40-50 years ago, but only after an interesting article in New In
Chess Yearbook 62 this line became more popular. So far Black has scored in
the practice about 50% by using 10...Rb8.} 11. Bb3 ({In one of the previous
rounds of the same tournament, Teran Alvarez obtained a reasonable position:} 
11. Kb1 Nxd4 $146 (11... Ne5 {was previously played}) 12. Bxd4 b5 13. Be2 b4
14. Nd5 Nxd5 15. Bxg7 Nc3+ $1 16. Bxc3 bxc3 17. Qxc3 Qb6 18. Qd4 Qc7 19. Rd3
Rfc8 20. Rc1 Be6 21. Ra3 a5 $44 {1/2-1/2 Rodriguez Guerrero,E-Teran Alvarez,I/
Dos Hermanas 2003 (61)}) 11... Na5 {This is more precise than 11....Ne5 (the
only move analyzed in NiC Y62) for two reasons.  First of all White doesn't
have 12.f4 (a double-edged continuation, possible after 11...Ne5).  Secondly
while having the same idea as 11...Ne5 (to continue with ...b5 and ...Nc4),
from a5 the knight has also the additional option to take on b3.} 12. h4 {
In this position only 12.Bh6 was previously played.} b5 13. Kb1 Nxb3 (13... Nc4
$5) 14. cxb3 {This is typical in such positions (though here it is practically
necessary). The point is that now for Black it is more difficult to open the
a-file. In addition White might also use the c-file in the future. There is
also a concrete explanation - White will have square c2 for the knight, see 14.
axb3.} (14. axb3 $6 b4 15. Nd5 (15. Nce2 $2 e5 $19 {The difference to the game
- White cannot retreat the knight to c2.}) 15... Nxd5 16. exd5 Qa5 17. Ne2 Bf5
18. g4 $140 $2 Bxb2 $1 $19 19. Kxb2 Qa3+ 20. Kb1 Qxb3+ 21. Kc1 Qa3+ 22. Kb1 b3)
(14. Nxb3 a5 $132) 14... b4 15. Nce2 Qa5 (15... a5 16. h5 $1 a4 (16... Nxh5 17.
Bh6 $40) 17. hxg6 fxg6 (17... hxg6 18. Bh6 $40) 18. bxa4 {[%csl Re6] is better
for White as well.}) (15... h5 $5) 16. Bh6 (16. h5 $5 Nxh5 17. Bh6 $44) 16...
Qe5 {A dubious maneuver, since the queen on e5 is not stable.} 17. Bxg7 Kxg7
18. Nc2 (18. h5 g5 $5) 18... a5 19. Nf4 a4 $6 (19... Rfc8 $142) 20. Nd3 Qb5 21.
Ncxb4 {White successfully achieved a kind of stability on the queenside (...
axb3 will be met with a2-a3). In the future his kingside attack is still on
agenda, so something went wrong for Black in the opening.} Be6 (21... axb3 22.
a3) 22. g4 Ra8 (22... axb3 23. a3 Bc4 24. h5 g5 25. e5 $1 $16 {[%cal Gd2g5]})
23. bxa4 $5 {White changes the character of position on the queenside. Pawns
on a2 and b3, knights b4 and d3, the queen on b2 - everything looks perfect
for defence and eventual active actions on the kingside.} (23. h5) 23... Rxa4
24. b3 Ra7 25. Qb2 Kg8 26. h5 Rfa8 27. Rh2 Ra3 (27... g5 28. h6 $1 $16) 28. Qd4
Nd7 $2 {Looking for a way to break White's position on the queenside, Black
burnes all bridges on the kingside. His position was worse already, but the
last move does little to improve.} (28... g5 29. h6 $16) 29. hxg6 $18 f6 {
a sad necessity.} (29... fxg6 30. Rxh7 Kxh7 31. Rh1+ Kg8 32. Qh8+ Kf7 33. Rh7#)
30. gxh7+ (30. Nf4 Bxb3 31. axb3 Rxb3+ 32. Rb2 $18) 30... Kh8 31. Rb2 {
Preventing Bxb3. Quicker would have been to allow the sac, since White easily
defends.} (31. f4 {[%cal Gg4g5]} Bxb3 32. axb3 Rxb3+ 33. Rb2 $18) 31... Ne5 32.
Nxe5 dxe5 33. Qd2 Rb8 34. Nd3 (34. Nd5 $18) 34... Rba8 35. Nc1 {White is
completely winning, although in the game it took some time until regrouping
the pieces. The problem is that a quick win is not possible, since there is no
attack against black king and White also cannot advance his extra pawns, so
first he must either trade queens or improve the position of his pieces in
order to drive opponent's pieces back.} Rc8 36. Qd3 $18 Qa5 37. Qd2 Qa7 38. Qd3
Ra6 39. Qd2 Rac6 40. Qd3 Ra8 41. Qd2 Rac8 42. Nd3 Qd4 43. Ne1 Qb6 44. Qh2 {
White plans to triple heavy pieces on the d-file and then penetrate via d8.
There is nothing Black can do against it.} Qe3 45. Rbd2 Qb6 46. Rd3 Qc7 47. Kb2
Ra8 48. Qd2 Kxh7 49. Rd8 Rxa2+ {Quiet continuations lose as well. Now Black
"wins" the queen, but in return he gives too much material for that.} 50. Kxa2
Bxb3+ 51. Kxb3 Rb6+ 52. Qb4 (52. Ka3 $4 Qa7+) 52... Rxb4+ 53. Kxb4 Qb6+ 54. Kc3
Qa5+ 55. Kc2 Qc7+ 56. Kb2 Qb6+ 57. Kc1 Qe3+ 58. Kc2 Qf2+ 59. Kc3 Kg6 60. R8d3
Qc5+ 61. Kd2 Qf2+ 62. Kc1 Qc5+ 63. Nc2 Kg5 64. Rf1 Qa5 65. f4+ Kg6 (65... exf4
66. Rd5+) 66. f5+ Kg5 67. Rh3 Qa7 68. Rh5+ Kxg4 69. Rfh1 Qc5 70. Kd2 Qf2+ 71.
Kd3 Qa7 72. Ne3+ Kf3 73. R5h3+ Kf4 74. Rf1+ (74. Rf1+ Kg5 75. Rg1+ Kf4 76. Rg4#
) 1-0

[Event "NED-ch59"]
[Site "Leeuwarden"]
[Date "2004.07.02"]
[Round "3"]
[White "L'Ami, Erwin"]
[Black "Tiviakov, Sergei"]
[Result "0-1"]
[WhiteElo "2478"]
[BlackElo "2593"]
[Annotator "Rogozenco,D"]
[PlyCount "70"]
[EventDate "2004.06.30"]
[EventType "tourn"]
[EventRounds "9"]
[EventCountry "NED"]
[EventCategory "12"]
[SourceTitle "CBM 102"]
[Source "ChessBase"]
[SourceDate "2004.09.23"]
[SourceVersion "1"]
[SourceVersionDate "2004.09.23"]
[SourceQuality "1"]

1. e4 c5 2. Nf3 d6 3. d4 cxd4 4. Nxd4 Nf6 5. Nc3 g6 6. Be3 Bg7 7. f3 Nc6 8. Qd2
O-O 9. O-O-O Bd7 10. Bc4 Rb8 11. Bb3 Na5 12. Bh6 Bxh6 {The precise move order.}
(12... b5 {is worse, in spite of the fact that it is more often met in the
practice.} 13. Bxg7 $1 (13. Nd5 Bxh6 14. Qxh6 (14. Nxf6+ $4 Kg7 $19) 14... e5
15. Ne2 Nxb3+ 16. axb3 Nxd5 17. Rxd5 Be6 {is fine for Black}) 13... Kxg7 14.
Rhe1 (14. Nd5 $1 {This is the move which puts under question the correctness
of 12...b5.} Nc4 (14... Nxb3+ 15. Nxb3 Nxd5 16. exd5 $16 {[%csl Re7][%cal
Gh2h4,Gh4h5]}) (14... e5 15. Nxf6 {and Black cannot take back with the queen
because the knight on a5 is hanging.} Nxb3+ (15... Kxf6 16. Ne2 {[%csl Rd6]})
16. Nxb3 Qxf6 17. Qxd6 $16) 15. Bxc4 bxc4 16. Nxf6 Kxf6 17. Qc3 e5 18. f4 $1
$40) 14... b4 15. Nd5 e5 $1 16. Ne2 Nxb3+ 17. cxb3 Nxd5 18. Qxd5 Rb6 $11 {
1/2-1/2 Kovacevic,A-Markovic,I/Budva 2003 (28)}) 13. Qxh6 b5 14. h4 e5 15. Nde2
b4 16. Nd5 Nxb3+ 17. cxb3 $5 $146 (17. axb3 Nxd5 18. Rxd5 Be6 19. h5 Qc7 (19...
Rb7 20. Rd3 Qc7 (20... Qe7 21. f4 $1 $14 {1/2-1/2 Felgaer,R-Ward,C/Port Erin
2002 (31)}) 21. Rhd1 Rc8 22. R1d2 Rb6 23. Kd1 Rc6 24. Qg5 Rxc2 25. Rxd6 Rxd2+
26. Rxd2 Bxb3+ 27. Ke1 Qb6 28. Qe7 Rc1+ 29. Nxc1 Qg1+ 30. Ke2 Qxg2+ 31. Ke3
Qg1+ 32. Ke2 Qg2+ 33. Ke3 Qg1+ {1/2-1/2 Berg,E-Carlsson,P/Hallstahammar 2003})
20. hxg6 fxg6 21. Rd3 (21. Rxd6 Rfc8 22. Rc6 Qxc6 23. Qxh7+ Kf8 24. Qh6+ Kf7
25. Qh7+ Kf6 26. Qh4+ Kf7 {1/2-1/2 Nagle,S-Cernousek,L/Budapest 2004}) 21...
Rfc8 22. Qd2 Rb6 $13 {1-0 Slaby,J-Cernousek,L/Marianske Lazne 2004 (34)}) 17...
Nxd5 18. Rxd5 Be6 19. Rd2 Rb6 20. Kb1 (20. h5 $2 g5 $1) 20... Ra6 $6 21. Nc1
Qe7 22. Nd3 Rb8 23. Rc1 Rab6 24. g3 f6 25. Qe3 $13 Kg7 $6 (25... a5 $13) 26. h5
$1 gxh5 (26... g5 27. Rdc2 R6b7 28. f4 $36) 27. Rh2 Bf7 28. g4 Kh8 29. gxh5 $14
Rg8 30. f4 Rb5 {The position is very complicated, but White's chances look
preferable to me because of the control of the c-file.} 31. f5 (31. Rhc2 $142
Rb7 (31... Bxh5 $6 32. Rc7) 32. h6 $14) 31... d5 32. h6 dxe4 33. Nc5 (33. Qxe4
Bd5 34. Qe3 Qd7 $132 {[%csl Rf5]}) 33... Rb6 34. Rg1 Rc8 35. Rhg2 $4 {[%mdl
8192] A blackout. Square g8 is protected too many times and Black can take on
c5.} (35. Nxe4 $13) 35... Qxc5 0-1

[Event "FRA-chT Top 16 GpB"]
[Site "Vandoeuvre"]
[Date "2005.02.05"]
[Round "2"]
[White "Bologan, Viktor"]
[Black "Moldovan, Daniel"]
[Result "1-0"]
[WhiteElo "2683"]
[BlackElo "2411"]
[Annotator "Rogozenco,D"]
[PlyCount "55"]
[EventDate "2005.02.04"]
[EventType "team"]
[EventRounds "7"]
[EventCountry "FRA"]
[SourceTitle "CBM 106"]
[Source "ChessBase"]
[SourceDate "2005.06.06"]
[SourceVersion "1"]
[SourceVersionDate "2005.06.06"]
[SourceQuality "1"]

{[%mdl 4] This is an important theoretical game. White showed a clear way to
advantage in what was considered a playable line for Black.} 1. e4 c5 2. Nf3
Nc6 3. d4 cxd4 4. Nxd4 g6 5. Nc3 Bg7 6. Be3 Nf6 7. Bc4 O-O 8. Bb3 d6 9. f3 Bd7
10. Qd2 Nxd4 11. Bxd4 b5 12. h4 a5 13. h5 $1 a4 (13... e6 14. a4 $14) ({
The complications after} 13... e5 14. hxg6 $1 {favor White:} (14. Be3 a4 15.
Bd5 (15. hxg6 axb3) 15... b4 $11) 14... exd4 (14... hxg6 15. Be3 a4 16. Bh6 $18
) 15. Bxf7+ Kh8 (15... Rxf7 16. gxf7+ Kxf7 17. Ne2 $5 Qb6 18. O-O-O $36 {
1-0 Lopez Martinez,J-Felgaer,R/Andorra 2004 (40)}) 16. Qxd4 h6 17. Qe3 Ng8 18.
g4 b4 19. Nd5 $16 {1-0 Rause,O-Ekebjaerg,O/ICCF email 2002 (28)}) 14. Bd5 (14.
Bxf6 exf6 15. Bd5 Rc8 $13) 14... e5 15. h6 $1 {After this strong move Black's
compensation for the exchange will be questionable. Alternatives are weaker:} (
15. Be3 b4 16. Ne2 Nxd5 $11) (15. hxg6 Nxd5 $1) (15. Bxa8 exd4 16. Nd5 Nxh5 17.
Bb7 f5 18. Nf4 Nxf4 19. Qxf4 $13 {Comparing to the game Black here took the
h-pawn and already started some concrete activity.}) 15... Bh8 16. Bxa8 exd4
17. Nd5 Re8 $6 ({Correct is to avoid the trade of knights and thus prevent
White from installing his bishop on d5. However, even so White keeps better
chances after} 17... Nh5 18. O-O-O $5 (18. Kf2 $2 Be5 $44 19. g4 Ng3 20. Rh3
Nxe4+ 21. fxe4 Bxg4 22. Rhh1 Qxa8 23. Qg5 f5 24. Kg2 {1/2-1/2 Mrva,M-Michenka,
J/Tatranske Zruby 2002} Be2 $19) (18. g4 Ng3 19. Rh3 Be5 20. Bb7 a3 $1 $13))
18. Nxf6+ Qxf6 19. Bd5 $16 {Weaknesses of dark squares in White's camp does
not provide Black with enough compensation. His problem is the weak backrank
and too little pieces for creating any real threats.} d3 (19... a3 20. bxa3 $16
) 20. Rb1 dxc2 21. Qxc2 Qg5 22. Qd2 Qg3+ 23. Kf1 $1 (23. Qf2 Qg5 $14 {[%cal
Ge8c8,Gh8e5]}) 23... Rc8 24. Rc1 $1 $18 {[%csl Rg8,Gh6]} Rxc1+ 25. Qxc1 Bd4 26.
Qd2 Bc5 27. Qe1 Qf4 28. Rh4 (28. Rh4 Qe5 29. Qc3 Bd4 30. Qc7 $18) 1-0

[Event "BIH-chT"]
[Site "Neum"]
[Date "2004.05.29"]
[Round "1.5"]
[White "Benderac, Srdjan"]
[Black "Prelevic, Dusko"]
[Result "1-0"]
[WhiteElo "2307"]
[BlackElo "2328"]
[Annotator "Rogozenco,D"]
[PlyCount "37"]
[EventDate "2004.05.29"]
[EventType "team"]
[EventRounds "9"]
[EventCountry "BIH"]
[SourceTitle "CBM 102"]
[Source "ChessBase"]
[SourceDate "2004.09.23"]
[SourceVersion "1"]
[SourceVersionDate "2004.09.23"]
[SourceQuality "1"]
[WhiteTeam "Sokolac"]
[BlackTeam "S Saraj"]
[WhiteTeamCountry "BIH"]
[BlackTeamCountry "BIH"]

1. e4 c5 2. Nf3 d6 3. d4 cxd4 4. Nxd4 Nf6 5. Nc3 g6 6. Be3 Bg7 7. f3 Nc6 8. Bc4
O-O 9. Bb3 Bd7 10. h4 Ne5 11. Qd2 Rc8 (11... h5) 12. Bh6 $5 Bxh6 (12... Nc4 13.
Bxc4 Bxh6 $1 (13... Rxc4 14. Bxg7 (14. Nde2 Qa5 15. h5 $2 Bxh6 $1 16. Qxh6 g5
$17 {0-1 Jens,J-Verbaken,O/Hengelo 1997 (47)}) 14... Kxg7 15. h5 $40) 14. Qxh6
(14. Bxf7+ $4 Kg7 {0-1 Zuidema,C-Lee,P/Zuerich 1964}) 14... Rxc4 15. O-O-O Rxc3
$1 16. bxc3 Qa5 $44) (12... Qa5 $5) 13. Qxh6 Qa5 $6 {Black's previous move
must be justified by a sacrifice on c3.} (13... Rxc3 $1 14. bxc3 Qa5 15. Qd2
Rc8 $44) 14. Nde2 $1 (14. O-O-O Rxc3 15. bxc3 Qxc3 16. Kb1 (16. Ne2 $2 Nd3+ $1
17. Rxd3 Qa1+ 18. Kd2 Qxh1 $19 {0-1 Bokor,I-Bilek,I/Budapest 1965 (28)}) 16...
Rc8 (16... Nc4 $5) 17. h5 Nxh5 $140 $2 (17... Nc4 $142 $44) 18. Ne2 Qc5 19. g4
Nf6 20. g5 Nh5 21. Nf4 $18) 14... Bb5 15. O-O-O Bxe2 16. Nxe2 $14 Nc4 $2 (16...
Ned7 {was necessary.} 17. h5 $140 $6 g5 18. Ng3 e6) 17. h5 Nxh5 $2 (17... g5 $8
18. Nd4 Ne3 19. Nf5 Nxf5 20. Qxg5+ Kh8 21. Qxf5 $16) (17... Qe5 18. Bxc4 Rxc4
19. hxg6 fxg6 20. Rd5 Qe6 21. Nf4 Qf7 22. Rg5 Qg7 23. Qxg7+ Kxg7 24. Ne6+ $18)
18. Rd5 Qb6 19. Bxc4 (19. Bxc4 Rxc4 20. Rhxh5 gxh5 21. Rg5+) (19. Rhxh5 Qe3+
20. Kb1 $18) 1-0

[Event "Capablanca Memorial Elite 39th"]
[Site "Havana"]
[Date "2004.05.16"]
[Round "9"]
[White "Gonzalez Vidal, Yuri"]
[Black "Felgaer, Ruben Alejandro"]
[Result "1/2-1/2"]
[WhiteElo "2481"]
[BlackElo "2592"]
[Annotator "Rogozenco,D"]
[PlyCount "60"]
[EventDate "2004.05.06"]
[EventType "tourn"]
[EventRounds "11"]
[EventCountry "CUB"]
[EventCategory "13"]
[SourceTitle "CBM 101"]
[Source "ChessBase"]
[SourceDate "2004.07.27"]
[SourceVersion "1"]
[SourceVersionDate "2004.07.27"]
[SourceQuality "1"]

1. e4 c5 2. Nf3 Nc6 3. Nc3 g6 {Transposing into Dragon here has certain
advantages comparing with the classical move order (2...d6).} 4. d4 cxd4 5.
Nxd4 Bg7 6. Be3 Nf6 7. Bc4 (7. f3 O-O 8. Qd2 d5 $1 {Black equalizes
immediately. No need to play 8...d6 9.0-0-0.}) 7... O-O 8. Bb3 {Another
drawback of the early 3.Nc3. Now if White is willing to play the main lines
with castle long, he must retreat the bishop to b3 before playing f2-f3.} (8.
f3 Qb6 $1 9. Bb3 Nxe4 {[%csl Rd4] is a well-known line, favourable for Black.})
(8. Qd2 Ng4) 8... d6 9. f3 Bd7 10. Qd2 Nxd4 (10... Ne5 11. O-O-O Rc8 {would
lead to the main lines of Dragon Sicilian.}) 11. Bxd4 b5 12. O-O-O {A safe
decision, leading by force to endgame, where Black is able to neutralize
White's slight initiative.} (12. h4 {Is the main line. However, Black's
counterchances should not be underestimated there.}) 12... a5 13. e5 {No
choice for White. This is forced now, otherwise Black creates very quickly
threats against White's monarch.} dxe5 14. Bxe5 a4 $5 {With this ambitious
move Black is willing to play complicated middlegame rather than slightly
inferior, although drawish endgame.} ({Enough for equality is} 14... Bc6 15.
Qxd8 Rfxd8 16. a4 bxa4 {although Black still needs accuracy in possible rook
endgames, due to White's queenside majority.}) 15. Bd5 Ra7 $5 $146 {An
important novelty, demonstrating another way for Black to solve the problems
in this variation.} (15... Rc8 16. a3 (16. Bb7 Rc7 $1 17. Ba6 (17. Bxc7 Qxc7
18. Nd5 Nxd5 19. Bxd5 Bf5 $44 {0-1 Balogh,C-Kosanovic,G/Budapest 2003 (39)})
17... b4 $44 {0-1 Guseinov,K-Ivanisevic,I/Bled 2002 (23)}) 16... Qb6 (16... Ne4
$2 17. Bxe4 Bxe5 18. Qxd7 $18) 17. Qd4 Qxd4 18. Rxd4 Rc5 19. f4 $14 {1-0
Gelfand,B-Van Wely,L/Monte Carlo (blindfold) 2003 (41)}) (15... b4 16. Bxa8
bxc3 17. Bxc3 Qxa8 18. Bxf6 Bxf6 19. Qxd7 Qb8 20. Qxa4 $2 (20. c3 a3 21. b3 {
is critical}) 20... Bxb2+ 21. Kb1 (21. Kd2 $142) 21... Bf6+ 22. Kc1 Qe5 $19 {
0-1 Loidl,F-Sandor,C/Austria 2000 (33)}) 16. Nxb5 {This principled move breaks
the material balance, but still leads to approximately equal endgame.} (16. a3
Ne4 $5 {The difference comparing to 15...Rc8 is that here the bishop d7 is
protected.} 17. Qd4 (17. Bxe4 $6 Bxe5 $15) 17... Bxe5 18. Qxa7 (18. Qxe5 Nf2)
18... Nxc3 19. bxc3 Bd6 $1 20. Kb2 (20. Kb1 Qc8 21. Qb7 (21. Rd3 $6 Bf5 22. Be4
Bxa3 23. Bxf5 Qxf5 $44) 21... Qxc3 22. Rd3 Qc8 23. Qxc8 Rxc8 $44) 20... Qc8 21.
Qe3 (21. Rhe1 Bxa3+ $1) (21. Qd4 Qc7 22. Rhe1 Rd8 {with multiple threats.})
21... Qc7 $44) 16... Bxb5 17. Bxf7+ Kxf7 18. Qxd8 Rxd8 19. Rxd8 Bh6+ 20. Kb1
Nd7 21. Bc3 (21. Bd4 Rb7) 21... Bf4 {Both sides keep their chances. White's
slight material advantage plays no role for the moment. The most important
thing is the activity of the pieces. It will be very difficult for White to
make any progress, since pawn moves can easily create weaknesses and targets
for attack.} 22. Rd1 (22. Re1 Bd6 $5) 22... h5 23. h3 (23. g3 Bd6 24. f4 $13)
23... Rb7 24. b3 Bd6 25. Bb2 Nf8 26. Ra8 Ne6 27. Rh8 Bg3 28. Rh7+ {A wise
decision to take the draw.} (28. c4 $2 Bxc4 29. bxc4 (29. Rh7+ Ke8 30. Rh8+ Nf8
31. Bg7 Kf7 32. Bxf8 axb3) 29... Be5) 28... Kg8 29. Rh8+ (29. Rh6 Kf7 $11)
29... Kf7 30. Rh7+ Kg8 1/2-1/2

[Event "EU-ch 5th"]
[Site "Antalya"]
[Date "2004.05.16"]
[Round "2"]
[White "Macieja, Bartlomiej"]
[Black "Chatalbashev, Boris"]
[Result "1/2-1/2"]
[WhiteElo "2633"]
[BlackElo "2543"]
[Annotator "Rogozenco,D"]
[PlyCount "60"]
[EventDate "2004.05.15"]
[EventType "swiss"]
[EventRounds "13"]
[EventCountry "TUR"]
[SourceTitle "CBM 101"]
[Source "ChessBase"]
[SourceDate "2004.07.27"]
[SourceVersion "1"]
[SourceVersionDate "2004.07.27"]
[SourceQuality "1"]

1. e4 c5 2. Nf3 Nc6 3. Nc3 g6 4. d4 cxd4 5. Nxd4 Bg7 6. Be3 Nf6 7. Bc4 O-O 8.
Bb3 d6 9. f3 Bd7 10. Qd2 Nxd4 11. Bxd4 b5 12. Nd5 $5 (12. h4 Qa5 $13) (12.
O-O-O a5 13. e5 $11) 12... Nxd5 13. Bxg7 Kxg7 14. exd5 {Macieja likes this
kind pawn of structure. But it does not always work out perfectly, as the
present games also proves.} (14. Bxd5 Rc8 $11) 14... a5 $146 (14... Qb6 15.
O-O-O (15. Qf2 Qc5 16. O-O a5 17. a4 Rfc8 18. Qxc5 Rxc5 19. Rfe1 Kf8 $11 {
1/2-1/2 Adolaja,A-Sammalvuo,T/Moscow 1994 (57)}) (15. h4 h6) 15... a5 (15... b4
$5 16. h4 h6 17. Rhe1 Rfe8) 16. a3 Rfc8 17. g4 Ra7 18. h4 f6 19. Rde1 Be8 $13 {
0-1 Aarthie,R-Radziewicz,I/Athens 2001 (44)}) 15. a3 e5 $5 {An interesting and
good decision. Black opens files in the center and quickly achieves activity.}
(15... Rc8 $6 {There is no need for such transposition.} 16. O-O-O b4 17. axb4
axb4 18. Qxb4 Kg8 {is a fashionable position these days - Black has some
compensation for the pawn, but it is hardly fully enough.}) 16. dxe6 {White is
forced to take, otherwise Black is simply better.} Bxe6 17. O-O-O (17. Bxe6
fxe6 18. O-O-O d5 19. Rhe1 (19. h4 Qf6 20. h5 Qf4 $11) 19... Ra6 $11) 17...
Bxb3 18. cxb3 {The queenside pawn structure is well-known to be good for White
in middlegame, since White can conveniently hide the king on a2 and carry on
his own attack on the kingside. But in endgame it is obviously favourable for
Black, whos two pawns on the a and b file are worth White's three pawns.
That's why Black is not afraid to enter a rook endgame, even if he loses pawn
d6. White's weak second rank will allow Black sufficient counterplay.} Re8 19.
h4 (19. Qxd6 $6 Qg5+ (19... Qxd6 20. Rxd6 Re2 21. Rd2 Rc8+ 22. Kd1 Re3 23. Re1
Rxb3 24. Re7 a4 25. Rdd7 $14) ({Also good for Black is} 19... Rc8+ 20. Kb1 Qxd6
21. Rxd6 Re2 22. Rc1 Rxc1+ 23. Kxc1 Rxg2) 20. Qd2 Rac8+ 21. Kb1 Qf5+ 22. Ka2 (
22. Qd3 Qxd3+ 23. Rxd3 Re2 $132) 22... Rc2 $132) 19... Qf6 20. Kb1 (20. h5 $6
b4 $5 ({or} 20... Qf5 21. Qc3+ Kg8) 21. a4 $140 Qf5 $132) 20... b4 21. a4 h5
22. Qxd6 {Accepting the inevitable. The endgame is a draw.} (22. g4 $2 Qxf3 23.
gxh5 Qxh5 $17) 22... Qxd6 23. Rxd6 Re2 24. g4 hxg4 25. fxg4 Rg2 26. g5 Re8 27.
Rf1 Ree2 28. Rd7 Kg8 29. Rd8+ (29. Rfxf7 $4 Rg1+ 30. Ka2 Ree1 31. Rg7+ Kf8 32.
Rdf7+ Ke8 $19) 29... Kg7 30. Rd7 Kg8 (30... Rxb2+ 31. Kc1 Rbc2+ 32. Kd1 Kg8 33.
Rfxf7 Ra2 $11) 1/2-1/2